[Event "UKR games U16 B1 2nd"]
[Site "Simferopol"]
[Date "2004.05.20"]
[Round "3"]
[White "Vovk, Andrey"]
[Black "Nazarevich, Vitaly"]
[Result "1-0"]
[WhiteElo "2170"]
[BlackElo "2510"]
[PlyCount "63"]
[EventDate "2004.05.19"]
[EventType "swiss"]
[EventRounds "9"]
[EventCountry "UKR"]
[SourceTitle "EXT 2008"]
[Source "ChessBase"]
[SourceDate "2007.11.25"]
[SourceVersion "1"]
[SourceVersionDate "2007.11.25"]
[SourceQuality "1"]

1. e4 e5 2. Nf3 Nc6 3. c3 f5 4. d3 Nf6 5. Qc2 Be7 6. Be2 0-0 7. 0-0 Kh8 8. Nbd2 d6 9. Re1 Qe8 10. Nf1 Nh5 11. Ng3 Nxg3 12. hxg3 Qg6 13. exf5 Bxf5 14. Be3 d5 15. Qb3 e4 16. dxe4 Bxe4 17. Nd2 Bg5 18. Bxg5 Qxg5 19. Nxe4 dxe4 20. Bf1 Qf5 21. Qc2 Rae8 22. Re3 Re6 23. Rae1 Rfe8 24. b4 Qg6 25. Bb5 Re5 26. Bc4 a6 27. Qb1 b5 28. Bb3 Rh5 29. Rxe4 Ne5 30. Qc1 Rf5 31. Qe3 Re7 32. f4 1-0

[Event "UKR-ch U20"]
[Site "Dnipropetrovsk"]
[Date "2004.02.13"]
[Round "10"]
[White "Nazarevich, Vitaly"]
[Black "Tishin, Dmitry"]
[Result "1/2-1/2"]
[WhiteElo "2267"]
[BlackElo "2375"]
[PlyCount "49"]
[EventDate "2004.02.06"]
[EventType "tourn"]
[EventRounds "11"]
[EventCountry "UKR"]
[SourceTitle "EXT 2005"]
[Source "ChessBase"]
[SourceDate "2004.11.15"]
[SourceVersion "1"]
[SourceVersionDate "2004.11.15"]
[SourceQuality "1"]

1. e4 c6 2. d4 d5 3. Nc3 dxe4 4. Nxe4 Nd7 5. Nf3 Ngf6 6. Ng3 c5 7. Be2 e6 8. 0-0 Be7 9. c4 0-0 10. b3 Qc7 11. Bb2 Rd8 12. Qc2 b6 13. Rad1 cxd4 14. Nxd4 Bb7 15. Nb5 Qb8 16. Rd2 a6 17. Nc3 Qf4 18. Na4 Nc5 19. Rxd8+ Rxd8 20. Bc1 Qc7 21. Nc3 Qe5 22. Be3 Ncd7 23. Rd1 Bc6 24. Bf1 Qc7 25. Qc1 1/2-1/2

[Event "UKR-ch U20"]
[Site "Dnipropetrovsk"]
[Date "2004.02.08"]
[Round "5"]
[White "Nazarevich, Vitaly"]
[Black "Zavgorodniy, Sergiy"]
[Result "1-0"]
[WhiteElo "2267"]
[BlackElo "2456"]
[PlyCount "63"]
[EventDate "2004.02.06"]
[EventType "tourn"]
[EventRounds "11"]
[EventCountry "UKR"]
[SourceTitle "EXT 2005"]
[Source "ChessBase"]
[SourceDate "2004.11.15"]
[SourceVersion "1"]
[SourceVersionDate "2004.11.15"]
[SourceQuality "1"]

1. d4 Nf6 2. c4 e6 3. Nc3 Bb4 4. Qc2 Nc6 5. Nf3 Qe7 6. a3 Bxc3+ 7. Qxc3 d6 8. b4 e5 9. dxe5 Nxe5 10. Nxe5 dxe5 11. Bb2 Nd7 12. g3 0-0 13. Bg2 Re8 14. 0-0 c5 15. Rfd1 f6 16. Bc1 Nb6 17. Be3 cxb4 18. axb4 Be6 19. c5 Nc4 20. c6 b5 21. Bc5 Qc7 22. Ra6 Red8 23. Rxd8+ Rxd8 24. h4 Bd5 25. Bxd5+ Rxd5 26. Qf3 Rd1+ 27. Kg2 Qc8 28. Rxa7 f5 29. e4 Rd8 30. Qh5 Qe6 31. Qg5 Qf6 32. Rxg7+ 1-0